| 000 | 00655nam a2200205 u 4500 | ||
|---|---|---|---|
| 005 | 20240910063923.0 | ||
| 008 | 080526s2000 es r 000 0 spa d | ||
| 020 | _a8426131530 | ||
| 035 | _aUPN01000156290 | ||
| 049 | _aI | ||
| 050 | 4 |
_aPZ36.3 _bF7.8 |
|
| 100 | 1 |
_aFrey, Jana, _d1969- _930402 |
|
| 245 | 1 | 0 |
_aValentín y sus papás / _cJana Frey ; il. Marlis Scharff-Kniemeyer ; tr. Paula Vicens. |
| 260 |
_aBarcelona, Esp. : _bJuventud, _cc2000. |
||
| 300 |
_a[28 p.] : _bil. col. |
||
| 534 |
_pTítulo original: _tKatervaterhasensohn |
||
| 650 | 4 |
_aCuentos infantiles alemanes _98589 |
|
| 650 | 0 |
_aAnimales _vCuentos y leyendas _9234 |
|
| 905 | _aLibro | ||
| 999 |
_c128404 _d128404 |
||